000 00602nam a2200217Ii 4500
003 JO-AjNU
008 230606s9999||||xx |||||||||||||| ||und||
020 _a978-0-273-70161-3
040 _aJO-AjNU
_beng
_erda
_cJO-AjNU
041 _aeng
050 1 4 _aG155.A1.H657 1983
100 3 _aHolloway, Christopher J,
_eauthor
_94218
245 0 4 _aThe Business of Tourism
250 _a1 ed
264 3 1 _aEngland: Prentice, 1983
300 _a716p
336 _atext
_btxt
_2rdacontent
337 _aunmediated
_bn
_2rdamedia
338 _avolume
_bnc
_2rdacarrier
650 4 _a Tourism - Business
_94219
999 _aE2194
_c2192
_d2192